000 01123nam a2200301 a 4500
001
003 DO-SdBNP
005 20211104122058.0
008 090716s2009 dr 001 0 spa d
020 _a9789945020656
040 _aDO-SdBNP
_bspa
_cBPMSU
082 _a338.1097293
_bM844c 2009
_222
100 0 _aMoreta, Ángel
245 1 0 _aCapitalismo y descampesinización en el suroeste dominicano /
_cÁngel Moreta.
260 _aSanto Domingo :
_bArchivo General de la Nación,
_c2009.
300 _a369 p. :
_bil. ; map. ; diagrama. ;
_c23 cm.
490 0 _aPublicaciones del Archivo General de la Nación
_v81
500 _aIncluye índices
500 _aIncluye datos biográficos del autor en las solapas
504 _aIncluye referencias bibliográficas y notas al pie de las páginas
590 _aInventariado,2021/VM
650 4 _aAgricultura
_xAspectos económicos
_zRepública Dominicana
650 4 _aAgricultura
_xAspectos sociales
_zRepública Dominicana
650 4 _aCapitalismo
_zRepública Dominicana
650 4 _aCampesinos
_zRepública Dominicana
910 _aVMateo V.
942 _2ddc
_cBK
999 _c13835
_d13835